Методы оценки рыночных сегментов предприятия; Информационные технологии в науке, управлении, социальной сфере и медицине
| Parent link: | Информационные технологии в науке, управлении, социальной сфере и медицине.— 2015.— [С. 399-402] |
|---|---|
| Autor principal: | |
| Autor corporatiu: | |
| Sumari: | Заглавие с титульного экрана Market segmentation is one of the main directions of marketing activity, which allows to accumulate funds on a particular line of business. The firm may not have enough resources to operate on the market. Therefore, the company is looking for profitable segment, which is consistent with its resources and opportunities. The importance of this block of business valuation is great and clear: if there is no consumption there is no business. Basic principles of segmentation, as well as evaluation methods of consumer segments will be described in this article. |
| Idioma: | rus |
| Publicat: |
2015
|
| Col·lecció: | Информационные технологии в маркетинге |
| Matèries: | |
| Accés en línia: | http://earchive.tpu.ru/handle/11683/17175 http://www.lib.tpu.ru/fulltext/c/2015/C24/177.pdf |
| Format: | Electrònic Capítol de llibre |
| KOHA link: | https://koha.lib.tpu.ru/cgi-bin/koha/opac-detail.pl?biblionumber=613912 |
MARC
| LEADER | 00000naa2a2200000 4500 | ||
|---|---|---|---|
| 001 | 613912 | ||
| 005 | 20231101132800.0 | ||
| 035 | |a (RuTPU)RU\TPU\conf\12070 | ||
| 035 | |a RU\TPU\conf\12069 | ||
| 090 | |a 613912 | ||
| 100 | |a 20150903d2015 k y0rusy50 ca | ||
| 101 | 0 | |a rus |d eng | |
| 102 | |a RU | ||
| 105 | |a y z 101zy | ||
| 135 | |a drcn ---uucaa | ||
| 181 | 0 | |a i | |
| 182 | 0 | |a b | |
| 200 | 1 | |a Методы оценки рыночных сегментов предприятия |d Evaluation methods of an enterprise market segments |f А. В. Дудникова | |
| 203 | |a Текст |c электронный | ||
| 225 | 1 | |a Информационные технологии в маркетинге | |
| 230 | |a 1 компьютерный файл (pdf; 397 Kb) | ||
| 300 | |a Заглавие с титульного экрана | ||
| 320 | |a [Библиогр.: с. 402 (3 назв.)] | ||
| 330 | |a Market segmentation is one of the main directions of marketing activity, which allows to accumulate funds on a particular line of business. The firm may not have enough resources to operate on the market. Therefore, the company is looking for profitable segment, which is consistent with its resources and opportunities. The importance of this block of business valuation is great and clear: if there is no consumption there is no business. Basic principles of segmentation, as well as evaluation methods of consumer segments will be described in this article. | ||
| 337 | |a Adobe Reader | ||
| 463 | 0 | |0 (RuTPU)RU\TPU\conf\11725 |t Информационные технологии в науке, управлении, социальной сфере и медицине |o сборник научных трудов II Международной конференции, 19-22 мая 2015 г., Томск |f Национальный исследовательский Томский политехнический университет (ТПУ) ; ред. кол. О. Г. Берестнева [и др.] |v [С. 399-402] |d 2015 | |
| 510 | 1 | |a Evaluation methods of an enterprise market segments |z eng | |
| 610 | 1 | |a труды учёных ТПУ | |
| 610 | 1 | |a электронный ресурс | |
| 610 | 1 | |a рыночные сегменты | |
| 610 | 1 | |a предприятия | |
| 610 | 1 | |a маркетинг | |
| 610 | 1 | |a потребители | |
| 610 | 1 | |a прибыль | |
| 700 | 1 | |a Дудникова |b А. В. | |
| 712 | 0 | 2 | |a Национальный исследовательский Томский политехнический университет (ТПУ) |c (2009- ) |2 stltpush |3 (RuTPU)RU\TPU\col\15902 |
| 801 | 2 | |a RU |b 63413507 |c 20210129 |g RCR | |
| 856 | 4 | |u http://earchive.tpu.ru/handle/11683/17175 | |
| 856 | 4 | |u http://www.lib.tpu.ru/fulltext/c/2015/C24/177.pdf | |
| 942 | |c BK | ||